Statistics for Most Common Words In English Starting With R

Click here to take the quiz!

General Stats

  • This quiz has been taken 3,187 times
    (3,171 since last reset)
  • The average score is 62 of 165

Answer Stats

Word% Correct
red
92%
real
91%
rest
90%
read
89%
run
85%
rain
80%
rid
80%
race
76%
roll
76%
rate
75%
really
73%
ride
73%
rock
71%
right
70%
rope
70%
road
69%
refer
68%
rise
68%
rare
67%
rose
67%
remember
65%
raw
64%
rail
63%
room
62%
row
62%
rule
61%
reach
60%
reality
60%
role
60%
round
60%
raise
58%
reader
56%
report
56%
reference
55%
ring
52%
reading
51%
ready
51%
record
51%
rush
51%
reason
49%
remain
49%
rich
49%
rub
49%
remind
48%
return
48%
radio
47%
relation
47%
roof
47%
reply
46%
rice
46%
risk
46%
rely
45%
realize
44%
river
44%
react
43%
restaurant
43%
root
43%
rather
42%
receive
42%
repeat
42%
route
42%
range
41%
respond
41%
relative
40%
running
40%
ratio
39%
reaction
39%
regular
39%
relate
39%
response
39%
reveal
39%
rank
38%
release
38%
remove
38%
restore
38%
review
38%
recall
37%
relationship
37%
respect
37%
reporter
35%
require
35%
rough
35%
refuse
34%
represent
33%
reasonable
32%
recent
31%
recording
31%
retire
31%
radical
30%
relax
30%
request
30%
resist
30%
religion
29%
region
28%
register
28%
regulation
28%
Russian
28%
rating
27%
recently
27%
regard
27%
retain
27%
rifle
27%
rarely
26%
recipe
26%
reduce
26%
reform
26%
regulate
26%
replace
26%
recover
25%
reflect
25%
regularly
25%
relief
25%
requirement
25%
resort
25%
rapid
24%
recognize
24%
reject
24%
religious
24%
research
24%
resident
24%
revolution
24%
regional
23%
recommend
22%
reflection
22%
resistance
22%
responsible
22%
result
21%
recovery
20%
relatively
20%
remaining
20%
resolve
20%
retirement
20%
representation
19%
responsibility
19%
recommendation
18%
reduction
18%
regarding
18%
regime
18%
representative
18%
reputation
18%
reservation
18%
resource
18%
romantic
18%
remote
17%
racial
16%
resolution
16%
relevant
15%
roughly
15%
recognition
14%
refugee
14%
Republican
14%
revenue
14%
rhythm
14%
routine
14%
rural
14%
rapidly
13%
remarkable
12%
recruit
11%
researcher
10%
restriction
10%
regardless
9%
resemble
8%
reinforce
7%
repeatedly
6%
respondent
6%

Score Distribution

Percentile by Number Answered

Percent of People with Each Score

Your Score History

You have not taken this quiz since the last reset